Vplyv parametrov na rozmerovú a tvarovú presnosť súčiastok vyrobených metódou FDM z termoplastického elastoméru
Na minha lista:
| Autor principal: | |
|---|---|
| Outros Autores: | |
| Formato: | Manuscrito Livro |
| Idioma: | eslovaco |
| Publicado em: |
2020
|
| Assuntos: | |
| Acesso em linha: | http://is.stuba.sk/zp/portal_zp.pl?podrobnosti=151253 |
| Tags: |
Sem tags, seja o primeiro a adicionar uma tag!
|
MARC
| LEADER | 00000ntm a22000003a 4500 | ||
|---|---|---|---|
| 001 | stuzp78117 | ||
| 003 | SK-STU | ||
| 005 | 20200704211710.2 | ||
| 007 | ta | ||
| 008 | 150427s2015----xo-----f-mn---000-0-slo-d | ||
| 040 | |a STU |b slo | ||
| 041 | 0 | |a slo | |
| 100 | 1 | |a Šturcel, Roman |u 063000 |k Z4 |4 aut |U MTF Materiálovotechnologická fakulta |T MTF Ústav výrobných technológií |X 80246 |U M3000 |Y 83 |7 80246 | |
| 242 | 0 | 1 | |a Influence of parameters on dimensional and shape accuracy of components made by FDM method from thermoplastic elastomer |y eng |
| 245 | 1 | 0 | |a Vplyv parametrov na rozmerovú a tvarovú presnosť súčiastok vyrobených metódou FDM z termoplastického elastoméru |
| 260 | |c 2020 | ||
| 650 | 4 | |a GOM Inspect |2 slo | |
| 650 | 4 | |a 3D skenovanie |2 slo | |
| 650 | 4 | |a Termoplastické elastoméry |2 slo | |
| 650 | 4 | |a TPE |2 slo | |
| 650 | 4 | |a Rapid Prototyping |2 slo | |
| 650 | 4 | |a Aditívna technológia |2 slo | |
| 650 | 4 | |a 3D tlač |2 slo | |
| 650 | 4 | |a Rapid Prototyping |2 eng | |
| 650 | 4 | |a GOM Inspect |2 eng | |
| 650 | 4 | |a Additive Technology |2 eng | |
| 650 | 4 | |a 3D Printing |2 eng | |
| 650 | 4 | |a 3D Scanning |2 eng | |
| 650 | 4 | |a Thermoplastic Elastomers |2 eng | |
| 650 | 4 | |a TPE |2 eng | |
| 700 | 1 | |a Kuruc, Marcel |u 063200 |k Z1 |4 ths |U MTF Ústav výrobných technológií |T MTF Katedra obrábania a počítačovej podpory technológií |X 48583 |U M3200 |Y 164 |7 A000048583 | |
| 856 | 4 | |u http://is.stuba.sk/zp/portal_zp.pl?podrobnosti=151253 | |
| 996 | |c M* DP-14437 |l MMSKP |s P |a 0 |w stuzp78117_0001 | ||